[Event "ITA-chT GpB 55th"]
[Site "Vasto"]
[Date "2024.04.11"]
[Round "6.14"]
[White "Lumachi, Gabriele"]
[Black "Collutiis, Duilio"]
[Result "1-0"]
[WhiteElo "2413"]
[BlackElo "2334"]
[PlyCount "59"]
[EventDate "2024.04.08"]
[EventType "team-tourn"]
[EventRounds "7"]
[EventCountry "ITA"]
[SourceTitle "CB16_2024"]
[SourceDate "2024.04.17"]
[SourceVersion "1"]
[SourceVersionDate "2024.04.17"]
[SourceQuality "1"]
[WhiteTeam "Arrocco"]
[BlackTeam "Partenopea"]
[WhiteTeamCountry "ITA"]
[BlackTeamCountry "ITA"]

1. d4 Nf6 2. c4 c5 3. d5 b5 4. cxb5 a6 5. e3 Bb7 6. Nc3 Qa5 7. Bd2 axb5 8. Bxb5 Qb6 9. a4 Nxd5 10. Nf3 e6 11. 0-0 Be7 12. e4 Nf6 13. Qe2 Nc6 14. e5 Nd5 15. Nxd5 exd5 16. Rfe1 h6 17. a5 Qc7 18. a6 Bc8 19. Ra4 Qb6 20. Rg4 Bxa6 21. Ra1 c4 22. Bxc6 Qxc6 23. Nd4 Qb6 24. Bc3 Bc5 25. Qf3 g5 26. Nf5 Rg8 27. Rxc4 Rc8 28. Rxc5 Rxc5 29. Nd6+ Kd8 30. Qxf7 1-0

[Event "ITA-chT GpB 55th"]
[Site "Vasto"]
[Date "2024.04.11"]
[Round "5.12"]
[White "Titze, Leo"]
[Black "Collutiis, Duilio"]
[Result "1-0"]
[WhiteElo "2219"]
[BlackElo "2334"]
[PlyCount "87"]
[EventDate "2024.04.08"]
[EventType "team-tourn"]
[EventRounds "7"]
[EventCountry "ITA"]
[SourceTitle "CB16_2024"]
[SourceDate "2024.04.17"]
[SourceVersion "1"]
[SourceVersionDate "2024.04.17"]
[SourceQuality "1"]
[WhiteTeam "Milan Accademia"]
[BlackTeam "Partenopea"]
[WhiteTeamCountry "ITA"]
[BlackTeamCountry "ITA"]

1. e4 Nc6 2. d4 d5 3. e5 f6 4. Bf4 fxe5 5. dxe5 Bf5 6. g4 Be6 7. h4 Qd7 8. Be2 g6 9. Nc3 Bg7 10. h5 Nh6 11. Bxh6 Bxh6 12. hxg6 hxg6 13. g5 Bg7 14. Rxh8+ Bxh8 15. f4 0-0-0 16. Qd2 Bf5 17. Nd1 e6 18. Nf2 Bg7 19. 0-0-0 Bf8 20. Bd3 Nd4 21. Ne2 Nxe2+ 22. Bxe2 Qa4 23. Kb1 Bb4 24. Qc1 Rh8 25. Bd3 Bxd3 26. Nxd3 Be7 27. Rh1 Rxh1 28. Qxh1 Qd4 29. a3 c5 30. Qf3 c4 31. Nf2 Qd2 32. Ng4 Bc5 33. Nf6 Kc7 34. f5 Qxg5 35. fxe6 Qxe5 36. Nxd5+ Kd6 37. e7 Kd7 38. Qg4+ Qf5 39. Qxc4 Bxe7 40. Qc7+ Ke6 41. Nxe7 Qf7 42. Qxb7 Qxe7 43. Qxe7+ Kxe7 44. Kc1 1-0

[Event "ITA-chT GpB 55th"]
[Site "Vasto"]
[Date "2024.04.09"]
[Round "2.20"]
[White "Collutiis, Duilio"]
[Black "Loiacono, Antonio"]
[Result "1/2-1/2"]
[WhiteElo "2334"]
[BlackElo "2292"]
[PlyCount "67"]
[EventDate "2024.04.08"]
[EventType "team-tourn"]
[EventRounds "7"]
[EventCountry "ITA"]
[SourceTitle "CB16_2024"]
[SourceDate "2024.04.17"]
[SourceVersion "1"]
[SourceVersionDate "2024.04.17"]
[SourceQuality "1"]

1. d4 Nf6 2. Bg5 c5 3. Bxf6 gxf6 4. d5 Qb6 5. Qc1 f5 6. g3 d6 7. Bg2 Nd7 8. Nh3 Nf6 9. 0-0 h5 10. c4 h4 11. Nc3 Bd7 12. Qc2 Bg7 13. Rab1 Qb4 14. b3 hxg3 15. hxg3 Nh5 16. Rfc1 0-0-0 17. e3 Kb8 18. Ne2 Qa5 19. Nhf4 Nxf4 20. Nxf4 e5 21. dxe6 fxe6 22. e4 Bh6 23. exf5 exf5 24. Qd3 Bxf4 25. Qf3 Bc6 26. Qxf4 Bxg2 27. Kxg2 Qxa2 28. Qxf5 Rdf8 29. Qc2 Rxf2+ 30. Qxf2 Rh2+ 31. Kxh2 Qxf2+ 32. Kh3 Qf5+ 33. g4 Qh7+ 34. Kg3 1/2-1/2

[Event "Torino op 53rd"]
[Site "Torino"]
[Date "2024.01.04"]
[Round "4"]
[White "Pasini, Nicolo"]
[Black "Collutiis, Duilio"]
[Result "1/2-1/2"]
[WhiteElo "2193"]
[BlackElo "2344"]
[PlyCount "67"]
[EventDate "2024.01.02"]
[EventType "swiss"]
[EventRounds "9"]
[EventCountry "ITA"]
[SourceTitle "CB02_2024"]
[SourceDate "2024.01.10"]
[SourceVersion "1"]
[SourceVersionDate "2024.01.10"]
[SourceQuality "1"]

1. e4 c5 2. Nf3 e6 3. d4 cxd4 4. Nxd4 a6 5. h3 Nc6 6. Bf4 d6 7. Nxc6 bxc6 8. Bd3 Nf6 9. 0-0 e5 10. Be3 Be7 11. c4 0-0 12. Nc3 Re8 13. Qe2 Nd7 14. b4 Bg5 15. Rfd1 Bxe3 16. Qxe3 a5 17. b5 Qc7 18. Na4 Nf8 19. c5 Ne6 20. Rac1 Nd4 21. cxd6 Qxd6 22. bxc6 Rb8 23. Bf1 Be6 24. f4 f6 25. Nc3 Qa3 26. fxe5 fxe5 27. Qg5 h6 28. Qxe5 Nxc6 29. Qd6 Nb4 30. Bb5 Rbd8 31. Qb6 Rb8 32. Qd6 Rbd8 33. Qb6 Rb8 34. Qd6 1/2-1/2

[Event "Torino op 53rd"]
[Site "Torino"]
[Date "2024.01.03"]
[Round "2"]
[White "Petritaj, Ferdinando"]
[Black "Collutiis, Duilio"]
[Result "1/2-1/2"]
[WhiteElo "2176"]
[BlackElo "2344"]
[PlyCount "20"]
[EventDate "2024.01.02"]
[EventType "swiss"]
[EventRounds "9"]
[EventCountry "ITA"]
[SourceTitle "CB02_2024"]
[SourceDate "2024.01.10"]
[SourceVersion "1"]
[SourceVersionDate "2024.01.10"]
[SourceQuality "1"]

1. d4 Nf6 2. c4 c5 3. d5 b5 4. Qc2 bxc4 5. e4 e6 6. Nc3 Be7 7. Nf3 d6 8. Bxc4 e5 9. Bb5+ Bd7 10. 0-0 0-0 1/2-1/2

[Event "Wch Disabilities 5th"]
[Site "Lublin"]
[Date "2023.08.27"]
[Round "9"]
[White "Collutiis, Duilio"]
[Black "Nowak, Lukasz1111"]
[Result "1-0"]
[WhiteElo "2338"]
[BlackElo "2408"]
[PlyCount "153"]
[EventDate "2023.08.19"]
[EventType "swiss"]
[EventRounds "9"]
[EventCountry "POL"]
[SourceTitle "CBM 215 Extra"]
[Source "ChessBase"]
[SourceDate "2023.09.30"]
[SourceVersion "1"]
[SourceVersionDate "2023.09.30"]
[SourceQuality "1"]

1. d4 Nf6 2. Bf4 g6 3. Nf3 Bg7 4. e3 d6 5. h3 0-0 6. Be2 Nc6 7. Bh2 e5 8. dxe5 Ne4 9. Nbd2 Nxd2 10. Qxd2 dxe5 11. Qxd8 Rxd8 12. c3 f6 13. Bc4+ Kf8 14. g4 Ke7 15. Bb5 Be6 16. Nd2 Nb8 17. 0-0-0 Nd7 18. Be2 Nc5 19. Nc4 Rxd1+ 20. Rxd1 a5 21. Kb1 b5 22. Nd2 b4 23. cxb4 axb4 24. Bc4 Rd8 25. Bxe6 Kxe6 26. Kc2 Ra8 27. Kb1 Bf8 28. f3 Be7 29. Nc4 Rd8 30. Rxd8 Bxd8 31. e4 Nd3 32. Bg3 f5 33. Kc2 fxe4 34. fxe4 Nc5 35. Nd2 b3+ 36. axb3 Na6 37. Kc3 Be7 38. Kc4 c6 39. Bf2 Nc7 40. Nf3 Ne8 41. Bc5 Bf6 42. b4 Nc7 43. Ng1 Kd7 44. Nf3 Nb5 45. g5 Bg7 46. Kd3 Nc7 47. h4 Ke6 48. Ng1 h6 49. Nf3 hxg5 50. hxg5 Nb5 51. Kc4 Nc7 52. Ba7 Nb5 53. Bb8 Bh8 54. Kc5 Nd4 55. Nxd4+ exd4 56. Kxc6 d3 57. Bf4 Bxb2 58. Bd2 Ke5 59. b5 Kxe4 60. b6 Be5 61. b7 Kf3 62. Kd5 Bh2 63. Ke6 Kg4 64. Kf6 Kh5 65. Kf7 Bg3 66. Bc1 Bh2 67. Ke6 Kg4 68. Kd5 Kf3 69. Kd4 Ke2 70. Ke4 Bb8 71. Kd5 Kd1 72. Ba3 Kc2 73. Bb4 Kb3 74. Be1 Ka4 75. Kc4 Ba7 76. Kxd3 Kb5 77. Bg3 1-0

[Event "Wch Disabilities 5th"]
[Site "Lublin"]
[Date "2023.08.20"]
[Round "2"]
[White "Ovcharov, Taras"]
[Black "Collutiis, Duilio"]
[Result "0-1"]
[WhiteElo "1983"]
[BlackElo "2338"]
[PlyCount "68"]
[EventDate "2023.08.19"]
[EventType "swiss"]
[EventRounds "9"]
[EventCountry "POL"]
[SourceTitle "CBM 215 Extra"]
[Source "ChessBase"]
[SourceDate "2023.09.30"]
[SourceVersion "1"]
[SourceVersionDate "2023.09.30"]
[SourceQuality "1"]

1. e4 c5 2. c3 d5 3. exd5 Qxd5 4. d4 g6 5. Nf3 Bg7 6. Na3 cxd4 7. Nb5 Na6 8. Nbxd4 Nf6 9. Bxa6 bxa6 10. 0-0 0-0 11. Qe2 Re8 12. Rd1 Qb7 13. h3 e5 14. Nb3 Qc7 15. Be3 e4 16. Ne1 Nh5 17. Qd2 Be5 18. Qd5 Be6 19. Qc5 Reb8 20. Qxc7 Bxc7 21. Nc5 Rxb2 22. Nxe4 Rxa2 23. Nc5 Rxa1 24. Rxa1 Bc4 25. Nxa6 Bd8 26. Nf3 Bb6 27. Bd4 Nf4 28. Be5 Ne2+ 29. Kh2 Bxf2 30. Ra4 Rc8 31. Nc7 f6 32. Rxc4 fxe5 33. Nd2 Bg3+ 34. Kh1 Rd8 0-1

[Event "Bastia op"]
[Site "Bastia"]
[Date "2023.07.10"]
[Round "6"]
[White "Collutiis, Duilio"]
[Black "Krasenkow, Michal"]
[Result "1-0"]
[WhiteElo "2341"]
[BlackElo "2524"]
[PlyCount "129"]
[EventDate "2023.07.09"]
[EventType "swiss"]
[EventRounds "9"]
[EventCountry "FRA"]
[SourceTitle "CBM 215 Extra"]
[Source "ChessBase"]
[SourceDate "2023.09.30"]
[SourceVersion "1"]
[SourceVersionDate "2023.09.30"]
[SourceQuality "1"]

1. d4 g6 2. e4 Bg7 3. Nf3 d6 4. Bc4 Nf6 5. Qe2 0-0 6. e5 dxe5 7. dxe5 Nd5 8. h3 c6 9. 0-0 b5 10. Bb3 Na6 11. Rd1 e6 12. c4 bxc4 13. Bxc4 Nc5 14. Nc3 Qc7 15. Bd2 Nb6 16. Re1 Nxc4 17. Qxc4 Nd7 18. Bf4 c5 19. Nb5 Qc6 20. Nd6 Ba6 21. Qc1 Rab8 22. b3 Rb4 23. Qe3 Nb6 24. Bh6 Nd5 25. Qg5 f6 26. Qd2 fxe5 27. Bxg7 Kxg7 28. Nc4 Bxc4 29. Nxe5 Qc7 30. bxc4 Nf6 31. Rad1 Rfb8 32. Qc3 Kg8 33. Nd3 Nd7 34. Nxb4 cxb4 35. Qd4 Nc5 36. Qd6 Qxd6 37. Rxd6 Rc8 38. Red1 Kf7 39. Rd8 Rc7 40. Rh8 Kg7 41. Rdd8 Ne4 42. Rdg8+ Kh6 43. Rc8 Rd7 44. Rhd8 Rf7 45. f3 Nc3 46. Rd2 a5 47. Ra8 Rf5 48. Rc8 a4 49. Rb8 b3 50. axb3 a3 51. Ra8 a2 52. Raxa2 Nxa2 53. Rxa2 Kg5 54. b4 Kf4 55. Re2 Kg3 56. Rxe6 Rf8 57. Re4 h5 58. Re5 Rd8 59. Rg5+ Kh4 60. Rd5 Ra8 61. Kh2 Ra2 62. b5 Rb2 63. b6 g5 64. Rb5 Rc2 65. b7 1-0

[Event "ITA-chT GpB 54th"]
[Site "Bacoli"]
[Date "2023.04.26"]
[Round "2"]
[White "Davi, Alessandro"]
[Black "Collutiis, Duilio"]
[Result "1-0"]
[WhiteElo "2177"]
[BlackElo "2357"]
[PlyCount "53"]
[EventDate "2023.04.25"]
[EventType "team-tourn"]
[EventRounds "7"]
[EventCountry "ITA"]
[SourceTitle "CBM 213 Extra"]
[Source "ChessBase"]
[SourceDate "2023.05.31"]
[SourceVersion "1"]
[SourceVersionDate "2023.05.31"]
[SourceQuality "1"]
[WhiteTeam "Torino"]
[BlackTeam "Partenopea"]
[WhiteTeamCountry "ITA"]
[BlackTeamCountry "ITA"]

1. d4 d6 2. Nf3 Nf6 3. g3 g6 4. Bg2 Bg7 5. 0-0 0-0 6. c4 Nbd7 7. Nc3 e5 8. e4 c6 9. h3 exd4 10. Nxd4 Qb6 11. Nde2 Nc5 12. Be3 Qxb2 13. Rb1 Qa3 14. Qxd6 Nfd7 15. f4 Re8 16. e5 Bf8 17. Qd4 Nb6 18. g4 Qa6 19. f5 Qxc4 20. e6 gxf5 21. Rxf5 Nxe6 22. Qf6 Ng7 23. Bd5 Qxd5 24. Rxd5 Nxd5 25. Nxd5 cxd5 26. Rf1 Be6 27. Bd4 1-0

[Event "Trieste op 21st"]
[Site "Trieste"]
[Date "2019.09.07"]
[Round "9"]
[White "Collutiis, Duilio"]
[Black "Verstraeten, Reinaert"]
[Result "0-1"]
[WhiteElo "2402"]
[BlackElo "2343"]
[PlyCount "107"]
[EventDate "2019.08.31"]
[EventType "swiss"]
[EventRounds "9"]
[EventCountry "ITA"]
[SourceTitle "EXT 2020"]
[Source "ChessBase"]
[SourceDate "2019.10.17"]
[SourceVersion "1"]
[SourceVersionDate "2019.10.17"]
[SourceQuality "1"]

1. c4 g6 2. g3 Bg7 3. Bg2 c5 4. Nc3 Nc6 5. Nf3 e5 6. 0-0 Nge7 7. Ne1 d6 8. Nc2 Be6 9. Ne3 0-0 10. Rb1 Qd7 11. d3 Bh3 12. Ned5 Bxg2 13. Kxg2 Nxd5 14. Nxd5 Ne7 15. Nxe7+ Qxe7 16. e4 a6 17. b4 Rfd8 18. Be3 cxb4 19. Bb6 Rd7 20. Qa4 f5 21. f3 Rf8 22. Qxb4 Rf7 23. Qa5 h5 24. h3 Qg5 25. Qe1 Bh6 26. Qe2 Rf8 27. Bg1 Rdf7 28. exf5 gxf5 29. Rb6 Rg7 30. Bf2 Qg6 31. Rg1 h4 32. g4 fxg4 33. fxg4 Rgf7 34. Bxh4 Rf3 35. Qe4 Qxe4 36. dxe4 Ra3 37. g5 Rxa2+ 38. Kg3 Bg7 39. Kg4 Re2 40. Rxb7 Rxe4+ 41. Kh5 Rxc4 42. Rd1 Rff4 43. Bg3 Rf3 44. Rxd6 Rxg3 45. Rb8+ Bf8 46. Rf6 Kg7 47. Rb7+ Kg8 48. Rb8 Kg7 49. Rg6+ Kh7 50. Rb7+ Kh8 51. h4 Rgg4 52. Rxa6 Rxh4+ 53. Kg6 Rc8 54. Re6 0-1

[Event "Trieste op 21st"]
[Site "Trieste"]
[Date "2019.09.05"]
[Round "7"]
[White "Collutiis, Duilio"]
[Black "Kasioumis, Vasilios"]
[Result "1-0"]
[WhiteElo "2402"]
[BlackElo "2101"]
[PlyCount "33"]
[EventDate "2019.08.31"]
[EventType "swiss"]
[EventRounds "9"]
[EventCountry "ITA"]
[SourceTitle "EXT 2020"]
[Source "ChessBase"]
[SourceDate "2019.10.17"]
[SourceVersion "1"]
[SourceVersionDate "2019.10.17"]
[SourceQuality "1"]

1. c4 e6 2. g3 d5 3. Bg2 Nf6 4. Nf3 dxc4 5. 0-0 c6 6. a4 Nbd7 7. Qc2 e5 8. Na3 Bc5 9. Nxc4 Qe7 10. d3 0-0 11. e4 b5 12. Na5 Ba6 13. b4 Bxb4 14. Nxc6 Qd6 15. axb5 Bxb5 16. Nxb4 Qxb4 17. Ba3 1-0

[Event "Trieste op 21st"]
[Site "Trieste"]
[Date "2019.09.01"]
[Round "3"]
[White "Collutiis, Duilio"]
[Black "Bevilacqua, Andrea"]
[Result "0-1"]
[WhiteElo "2402"]
[BlackElo "2095"]
[PlyCount "86"]
[EventDate "2019.08.31"]
[EventType "swiss"]
[EventRounds "9"]
[EventCountry "ITA"]
[SourceTitle "EXT 2020"]
[Source "ChessBase"]
[SourceDate "2019.10.17"]
[SourceVersion "1"]
[SourceVersionDate "2019.10.17"]
[SourceQuality "1"]

1. c4 e5 2. Nc3 Nf6 3. Nf3 Nc6 4. e3 d5 5. cxd5 Nxd5 6. Bb5 Nxc3 7. bxc3 Bd6 8. d4 Bd7 9. a4 a6 10. Be2 0-0 11. 0-0 Bg4 12. Rb1 Rb8 13. Bb2 b5 14. axb5 axb5 15. Ba1 exd4 16. cxd4 b4 17. e4 f6 18. d5 Bxf3 19. Bxf3 Ne5 20. Be2 Ng6 21. Bg4 Kh8 22. Bf5 Ne7 23. Be6 c6 24. Rb3 c5 25. Rh3 Qe8 26. f4 c4 27. Bd4 Nc6 28. Rff3 g6 29. e5 Nxd4 30. Qxd4 Bc7 31. Qxc4 Bb6+ 32. Kh1 Ra8 33. Rf1 fxe5 34. f5 gxf5 35. Qxb4 Bd4 36. Rh6 Be3 37. Rh3 Bd4 38. Rhf3 Qg6 39. g3 f4 40. gxf4 Rfb8 41. Qe1 Rb2 42. Qg3 Raa2 43. Qh3 Qc2 0-1

[Event "Spilimbergo op 17th"]
[Site "Spilimbergo"]
[Date "2019.08.15"]
[Round "9"]
[White "Collutiis, Duilio"]
[Black "Moroni, Luca Jr"]
[Result "0-1"]
[WhiteElo "2402"]
[BlackElo "2572"]
[PlyCount "62"]
[EventDate "2019.08.09"]
[EventType "swiss"]
[EventRounds "9"]
[EventCountry "ITA"]
[SourceTitle "CBM 191 Extra"]
[Source "ChessBase"]
[SourceDate "2019.09.30"]
[SourceVersion "1"]
[SourceVersionDate "2019.09.30"]
[SourceQuality "1"]

1. c4 e6 2. Nf3 d5 3. g3 Nf6 4. Bg2 d4 5. 0-0 c5 6. e3 Nc6 7. exd4 cxd4 8. d3 h6 9. Na3 Bc5 10. Nc2 0-0 11. Re1 Nd7 12. a3 a5 13. b3 e5 14. Bd2 Re8 15. b4 Bd6 16. Nh4 Nf6 17. f4 exf4 18. gxf4 Rxe1+ 19. Qxe1 axb4 20. axb4 Rxa1 21. Qxa1 Nh5 22. b5 Qxh4 23. bxc6 bxc6 24. Qa8 Qg4 25. h3 Qd1+ 26. Be1 Qxc2 27. Qxc8+ Bf8 28. Qg4 Qc1 29. Qxh5 Qxe1+ 30. Kh2 Bd6 31. Qf5 g5 0-1

[Event "Amantea op 16th"]
[Site "Amantea"]
[Date "2018.09.16"]
[Round "9"]
[White "De Vleeschauwer, Maarten"]
[Black "Collutiis, Duilio"]
[Result "0-1"]
[WhiteElo "2141"]
[BlackElo "2412"]
[PlyCount "60"]
[EventDate "2018.09.09"]
[EventType "swiss"]
[EventRounds "9"]
[EventCountry "ITA"]
[SourceTitle "CBM 186 Extra"]
[Source "ChessBase"]
[SourceDate "2018.08.24"]
[SourceVersion "1"]
[SourceVersionDate "2018.08.24"]
[SourceQuality "1"]

1. e4 c5 2. d4 cxd4 3. c3 dxc3 4. Nxc3 Nc6 5. Nf3 d6 6. Bc4 a6 7. 0-0 Nf6 8. Bf4 Bg4 9. h3 Bxf3 10. Qxf3 e6 11. Rfd1 Qc7 12. Rac1 Qb8 13. Na4 Nd7 14. Qd3 Nce5 15. Bxe5 Nxe5 16. Bb5+ Ke7 17. Qd2 axb5 18. Nb6 Nc4 19. Qg5+ f6 20. Qxb5 Nxb6 21. Qxb6 Kf7 22. Rc7+ Be7 23. Qxd6 Re8 24. Rdc1 Qd8 25. Rd7 Rc8 26. Rd1 Qa5 27. Rxb7 Qxa2 28. Qb4 Qc4 29. Qa3 Rc7 30. Rd7 Rxb7 0-1

[Event "Amantea op 16th"]
[Site "Amantea"]
[Date "2018.09.13"]
[Round "6"]
[White "Arman, Deniz"]
[Black "Collutiis, Duilio"]
[Result "1/2-1/2"]
[WhiteElo "2366"]
[BlackElo "2412"]
[PlyCount "86"]
[EventDate "2018.09.09"]
[EventType "swiss"]
[EventRounds "9"]
[EventCountry "ITA"]
[SourceTitle "CBM 186 Extra"]
[Source "ChessBase"]
[SourceDate "2018.08.24"]
[SourceVersion "1"]
[SourceVersionDate "2018.08.24"]
[SourceQuality "1"]

1. e4 c5 2. Nf3 Nc6 3. d4 cxd4 4. c3 Nf6 5. e5 Nd5 6. Bc4 e6 7. cxd4 d6 8. 0-0 Nb6 9. Bb5 dxe5 10. Nxe5 Bd7 11. Nxd7 Qxd7 12. Be3 Be7 13. Qf3 0-0 14. Bxc6 bxc6 15. Nc3 Bb4 16. Rfc1 Rab8 17. a3 Bxc3 18. Rxc3 Nd5 19. Rc2 Rb3 20. Qe2 Rfb8 21. Rd1 h6 22. Bc1 Ne7 23. Rc5 R8b5 24. Qc2 Rb8 25. h3 Qb7 26. Rd3 Rxd3 27. Qxd3 Rd8 28. b4 Rd5 29. Qc4 Qd7 30. Be3 f5 31. f3 Kf7 32. Qa6 g5 33. a4 Kf6 34. Bf2 h5 35. Kh1 Kf7 36. Kg1 Kg7 37. Kh1 Kf6 38. Kg1 f4 39. Qc4 Rxc5 40. Qxc5 Nd5 41. Qf8+ Qf7 42. Qh8+ Kg6 43. Qb8 h4 1/2-1/2

[Event "Amantea op 16th"]
[Site "Amantea"]
[Date "2018.09.11"]
[Round "4"]
[White "Vorobiov, Evgeny E"]
[Black "Collutiis, Duilio"]
[Result "1/2-1/2"]
[WhiteElo "2561"]
[BlackElo "2412"]
[PlyCount "29"]
[EventDate "2018.09.09"]
[EventType "swiss"]
[EventRounds "9"]
[EventCountry "ITA"]
[SourceTitle "CBM 186 Extra"]
[Source "ChessBase"]
[SourceDate "2018.08.24"]
[SourceVersion "1"]
[SourceVersionDate "2018.08.24"]
[SourceQuality "1"]

1. d4 d5 2. c4 c6 3. Nf3 Nf6 4. e3 Bg4 5. cxd5 Bxf3 6. Qxf3 cxd5 7. Nc3 Nc6 8. Bd3 e6 9. 0-0 Be7 10. Rd1 0-0 11. Bf1 Bd6 12. Bd2 Qe7 13. Rac1 Rac8 14. Be1 a6 15. Qe2 1/2-1/2

[Event "Spilimbergo op 16th"]
[Site "Spilimbergo"]
[Date "2018.08.15"]
[Round "9"]
[White "Paltrinieri, Nicholas"]
[Black "Collutiis, Duilio"]
[Result "1/2-1/2"]
[WhiteElo "2288"]
[BlackElo "2415"]
[PlyCount "117"]
[EventDate "2018.08.10"]
[EventType "swiss"]
[EventRounds "9"]
[EventCountry "ITA"]
[SourceTitle "CBM 186 Extra"]
[Source "ChessBase"]
[SourceDate "2018.08.24"]
[SourceVersion "1"]
[SourceVersionDate "2018.08.24"]
[SourceQuality "1"]

1. d4 d5 2. Bf4 Nf6 3. e3 Bf5 4. c4 c6 5. Nc3 Qb6 6. Qb3 dxc4 7. Bxc4 e6 8. Nf3 h6 9. 0-0 Nbd7 10. Rfe1 Qxb3 11. Bxb3 Ne4 12. Nxe4 Bxe4 13. Nd2 Bg6 14. e4 Be7 15. d5 e5 16. dxc6 bxc6 17. Be3 Nc5 18. Bxc5 Bxc5 19. Rac1 Bb4 20. Re2 Ke7 21. Nf3 Bh5 22. Rxc6 Bxf3 23. gxf3 Rhc8 24. Rec2 Rxc6 25. Rxc6 Rd8 26. Bd5 Bd6 27. Kf1 Rd7 28. Ra6 Bc5 29. Ke2 Rd6 30. Ra4 Rg6 31. Rc4 Bb6 32. Kf1 Rf6 33. Ke2 Rg6 34. Kf1 Rf6 35. Rc3 Bd4 36. Ra3 g5 37. b4 g4 38. Ke2 Rxf3 39. Rxf3 gxf3+ 40. Kxf3 f6 41. Kg3 Kd6 42. Bb3 Bc3 43. a3 Bb2 44. a4 Bc3 45. b5 Be1 46. Kg2 Bd2 47. f3 Kc5 48. Bf7 Kb6 49. h4 a6 50. Be8 axb5 51. axb5 Kc7 52. Kg3 Kb6 53. Kg4 Bf4 54. Kf5 Kc7 55. Kxf6 Kb6 56. h5 Kc7 57. Ke6 Kb6 58. Kd6 Bg3 59. Kd5 1/2-1/2

[Event "Spilimbergo op 16th"]
[Site "Spilimbergo"]
[Date "2018.08.12"]
[Round "4"]
[White "Collutiis, Duilio"]
[Black "Micottis, Dorian"]
[Result "1-0"]
[WhiteElo "2415"]
[BlackElo "2295"]
[PlyCount "81"]
[EventDate "2018.08.10"]
[EventType "swiss"]
[EventRounds "9"]
[EventCountry "ITA"]
[SourceTitle "CBM 186 Extra"]
[Source "ChessBase"]
[SourceDate "2018.08.24"]
[SourceVersion "1"]
[SourceVersionDate "2018.08.24"]
[SourceQuality "1"]

1. e4 c6 2. d4 d5 3. exd5 cxd5 4. Bd3 Nc6 5. c3 Qc7 6. h3 Nf6 7. Nf3 g6 8. Qb3 Bg7 9. Bg5 0-0 10. 0-0 Rd8 11. Qc2 Be6 12. Nbd2 Rac8 13. a3 Qd7 14. Rfe1 Bf5 15. Ne5 Nxe5 16. dxe5 Ne8 17. Bxf5 gxf5 18. Nf3 h6 19. Bh4 d4 20. Rad1 d3 21. Qb1 Rc5 22. Re3 Rd5 23. c4 f4 24. cxd5 fxe3 25. Qxd3 exf2+ 26. Kxf2 Rc8 27. Kg1 b6 28. Kh1 Kf8 29. Qe4 b5 30. Nd4 Rc5 31. Nf5 Rc4 32. Bxe7+ Kg8 33. e6 fxe6 34. Qxe6+ Qxe6 35. dxe6 Be5 36. g4 Rc8 37. Rd7 Nf6 38. Nxh6+ Kg7 39. Nf5+ Kg6 40. Bxf6 Kxf6 41. e7 1-0

[Event "Spilimbergo op 16th"]
[Site "Spilimbergo"]
[Date "2018.08.12"]
[Round "5"]
[White "Korpa, Bence"]
[Black "Collutiis, Duilio"]
[Result "1-0"]
[WhiteElo "2506"]
[BlackElo "2415"]
[PlyCount "207"]
[EventDate "2018.08.10"]
[EventType "swiss"]
[EventRounds "9"]
[EventCountry "ITA"]
[SourceTitle "CBM 186 Extra"]
[Source "ChessBase"]
[SourceDate "2018.08.24"]
[SourceVersion "1"]
[SourceVersionDate "2018.08.24"]
[SourceQuality "1"]

1. e4 e5 2. Nf3 Nc6 3. Nc3 Nf6 4. d4 Bb4 5. Nxe5 Qe7 6. Qd3 Nxe5 7. dxe5 Qxe5 8. Bd2 0-0 9. 0-0-0 d6 10. f3 a6 11. g4 Re8 12. Bg2 Be6 13. a3 Bc5 14. g5 Nh5 15. Ne2 Bb6 16. f4 Qc5 17. Qf3 g6 18. Ng3 Ng7 19. Rhe1 Qf2 20. Bc3 Qxf3 21. Bxf3 Rab8 22. e5 Red8 23. exd6 cxd6 24. Bd4 Bxd4 25. Rxd4 Ne8 26. h4 Kf8 27. h5 Nc7 28. Rd2 d5 29. Ne2 Rd6 30. Nd4 Rbd8 31. Re3 Bd7 32. Rh2 Kg8 33. hxg6 hxg6 34. Re1 Re8 35. Rxe8+ Nxe8 36. Be2 Ng7 37. Bd3 Bg4 38. Rg2 Bc8 39. Kd2 Nh5 40. Rf2 Rd8 41. c3 Kf8 42. f5 gxf5 43. Bxf5 Ng3 44. Bd3 Ke7 45. Rf3 Nh5 46. Be2 Ng7 47. Rf6 Be6 48. Rh6 Rg8 49. Bf3 Ne8 50. Rh5 Rg6 51. Ke3 Ng7 52. Rh8 Ne8 53. Kf4 Bd7 54. Bxd5 f6 55. gxf6+ Rxf6+ 56. Ke5 Rf2 57. Bxb7 Rxb2 58. Bxa6 Ra2 59. Rh7+ Kd8 60. Bb5 Bxb5 61. Nxb5 Re2+ 62. Kd4 Rd2+ 63. Kc5 Nf6 64. Rh8+ Kd7 65. a4 Ra2 66. Ra8 Ne4+ 67. Kb6 Rc2 68. Ra7+ Kd8 69. Rc7 Nf6 70. Kc6 Ne4 71. Rd7+ Ke8 72. Rd3 Kf7 73. a5 Ra2 74. Kb6 Kf6 75. Rd4 Ke5 76. a6 Nxc3 77. Rc4 Nxb5 78. Kxb5 Kd6 79. Kb6 Rb2+ 80. Ka7 Kd7 81. Rh4 Kc7 82. Rh7+ Kc8 83. Rh5 Rb1 84. Rc5+ Kd7 85. Rc3 Rb2 86. Rh3 Kc8 87. Rh8+ Kc7 88. Rh7+ Kc8 89. Rb7 Ra2 90. Rb4 Rc2 91. Rg4 Rb2 92. Rc4+ Kd7 93. Rc5 Rb1 94. Ka8 Rb6 95. Ra5 Kc7 96. Ka7 Rb1 97. Rg5 Rb2 98. Rg7+ Kc8 99. Rb7 Ra2 100. Rb5 Rc2 101. Rb1 Rc3 102. Rb6 Rc1 103. Rg6 Rb1 104. Rc6+ 1-0

[Event "Chioggia op-A 11th"]
[Site "Chioggia"]
[Date "2016.10.08"]
[Round "2"]
[White "Collutiis, Duilio"]
[Black "Zamengo, Bruno"]
[Result "1-0"]
[WhiteElo "2427"]
[BlackElo "2019"]
[PlyCount "45"]
[EventDate "2016.10.07"]
[EventType "swiss"]
[EventRounds "5"]
[EventCountry "ITA"]
[SourceTitle "EXT 2022"]
[Source "ChessBase"]
[SourceDate "2021.10.06"]
[SourceVersion "1"]
[SourceVersionDate "2021.10.06"]
[SourceQuality "1"]

1. g3 Nf6 2. Bg2 d5 3. c4 c6 4. Nf3 Bf5 5. cxd5 Nxd5 6. d3 Nf6 7. 0-0 Nbd7 8. Nbd2 h6 9. Nc4 Nb6 10. Na5 Qc8 11. Bd2 e6 12. Nd4 Bc5 13. Nxf5 exf5 14. Rc1 Be7 15. Nxb7 0-0 16. Na5 c5 17. b4 Qe6 18. Bxa8 Rxa8 19. bxc5 Nbd5 20. e3 Rc8 21. Nb3 Nd7 22. Nd4 Qf6 23. Qb3 1-0